Score 0/20 Timer 03:00
1 Play Today
Movie Title Missing Word % Correct
Starsky and ______Hutch
93.4%
Forgetting _______ MarshallSarah
91.3%
Office Christmas _____Party
86.2%
Up in the ____Air
85.7%
__________ BossesHorrible
79.5%
____ and RunHit
73.7%
Identity ______Thief
73.2%
Couples _________Retreat
71.5%
This is _____ I Leave YouWhere
69.6%
__________: A True Underdog StoryDodgeball
67.8%
Movie Title Missing Word % Correct
The Sweetest _______Thing
65.5%
_______ SheepBlack
63.8%
Smokin' ______Aces
59.5%
The Invention of ________Lying
50.8%
_______ of PlayState
48.3%
Mr. Magorium's ________ EmporiumWonder
47.9%
_____ Wolf TooTeen
45.9%
_______ IntelligenceCentral
45.3%
The _______-UpChange or Break
41.3%
Bad _____Words
10.6%

Today's Daily Dose

Remove Ads.
Support Sporcle.
Get the best of Sporcle when you Go Orange. This ad-free experience offers more features, more stats, and more fun while also helping to support Sporcle. Thank you for becoming a member.

You're not logged in!

Compare scores with friends on all Sporcle quizzes.
OR
Log In

Show Comments

Extras

Top Quizzes Today


Score Distribution

Your Account Isn't Verified!

In order to create a playlist on Sporcle, you need to verify the email address you used during registration. Go to your Sporcle Settings to finish the process.

Report this User

Report this user for behavior that violates our Community Guidelines.

Details: